000 00252nam a2200097Ia 4500
005 20251222114348.0
008 251222s1900||||xx |||||||||||||| ||spa||
082 _aDVD0070/R99/2005
245 0 _aEl crimen de leland:The United States of Leland
942 _cDVD
999 _c1122
_d1122